[Event "It (open)"]
[Site "masterchessopen.com Werfen (Austria)"]
[Round "6"]
[White "Buerger Carsten (GER)"]
[Black "Traudes Wolfgang (GER)"]
[Result "0-1"]
[WhiteElo "2166"]
[BlackElo "2202"]

1.d4 Nf6 2.c4 e6 3.Nc3 Bb4 4.e3 O-O 5.Bd3 c5 6.Nf3 d5 7.O-O Nc6 8.a3 dxc4
9.Bxc4 Ba5 10.dxc5 Bxc3 11.bxc3 Qa5 12.Qe2 Qxc5 13.e4 b6 14.Rd1 Na5 15.Bd3 Bb7
16.Be3 Qh5 17.Bd4 Nb3 18.Rab1 Nc5 19.Rb5 Nfd7 20.Qe3 e5 21.Bxc5 Nxc5 22.Bc2
Rfd8 23.Rbb1 Bc6 24.Nd2 Qg6 25.f3 Qe6 26.c4 Rd4 27.Nb3 Rxc4 28.Nxc5 Rxc5
29.Rd2 h6 30.Bb3 Qe7 31.Rbd1 Rc8 32.Rd6 Be8 33.Qd2 Rc3 34.Rd3 Qc5+ 35.Kh1 Kh7
36.h4 Rxd3 37.Qxd3 Qxa3 38.Qd5 Qe7 39.g3 Rc3 40.Kg2 a5 41.h5 Rc8 42.Rd2 b5
43.Kh2 a4 44.Bc2 b4 45.f4 b3 46.Bb1 Rb8 47.fxe5 Rb5 48.Qa8 Rxe5 49.Rd5 f6
50.g4 a3 51.Bd3 b2 52.Bb1 f5 53.Rxe5 Qxe5+ 54.Kg2 fxg4 55.Qxa3 Bxh5 56.Qe3 Bg6
57.Qe2 h5 58.Kf2 Qh2+ {#R} 0-1

[Event "Ch World (seniors)"]
[Site "masterchessopen.com Bad Wildbad (Germany)"]
[Round "7"]
[White "Lapienis Donatas (LTU)"]
[Black "Niebling Ferdinand (GER)"]
[Result "1-0"]
[WhiteElo "2340"]
[BlackElo "2270"]

1.d4 Nf6 2.c4 e6 3.Nc3 Bb4 4.e3 O-O 5.Bd3 d5 6.Nf3 c5 7.O-O Nc6 8.a3 dxc4
9.Bxc4 Ba5 10.Ba2 a6 11.Bb1 b5 12.Ne4 c4 13.Qc2 g6 14.Nxf6+ Qxf6 15.b3 Bb7
16.bxc4 bxc4 17.Qxc4 Rfc8 18.Qe2 Bc3 19.Bb2 Na5 20.Bxc3 Rxc3 21.Nd2 Qe7 22.Be4
Rac8 23.Qf3 Nc6 24.Qd1 Na5 25.Qb1 Bxe4 26.Nxe4 Rxa3 27.Nc5 Rxa1 28.Qxa1 Qd8
29.Nxa6 Ra8 30.Nc5 Nb3 31.Qc3 Nxc5 32.dxc5 Qa5 33.Qxa5 Rxa5 34.Rc1 Kf8 35.c6
Ra8 36.g4 h6 37.e4 Ke7 38.Rc3 Rc8 39.e5 Kd8 40.Rd3+ Ke7 41.Rc3 Kd8 42.Rd3+ Ke7
43.Rd7+ Ke8 44.Rd6 g5 45.Kg2 Rc7 46.Kf3 Ke7 47.Ke4 Ra7 48.Kd4 Ra1 49.Rd7+ Ke8
50.Kc5 Ra5+ 51.Kb6 Rxe5 52.Rxf7 Re2 53.Rh7 Rb2+ 54.Kc5 Kd8 55.Rxh6 Rxf2
56.Rh8+ Kc7 57.Rh7+ Kc8 58.Kd6 Rd2+ 59.Kxe6 Rc2 60.c7 Rc4 61.Kf5 Rc5+ 62.Kg6
Ra5 63.h3 Rb5 64.Rh5 Kxc7 65.Rxg5 {#r} 1-0

[Event "Bayern Regionalliga Southwest"]
[Site "masterchessopen.com Germany"]
[Round "2"]
[White "Muench Klaus-Norbert Dr (GER)"]
[Black "Schuster Karsten (GER)"]
[Result "1-0"]
[WhiteElo "2122"]
[BlackElo "2246"]

1.d4 Nf6 2.c4 e6 3.Nc3 Bb4 4.e3 O-O 5.Bd3 d5 6.Nf3 dxc4 7.Bxc4 c5 8.O-O Nc6
9.a3 Ba5 10.Na4 cxd4 11.exd4 a6 12.Ba2 Qd6 13.Qd3 Ne7 14.Rd1 Bd7 15.Nc5 Bb5
16.Qe3 Bc6 17.Qe5 Qd8 18.Ng5 Bc7 19.Qe2 Ned5 20.g3 Re8 21.f4 Bb6 22.Bd2 Qe7
23.Rac1 Rac8 24.b4 Ba7 25.Nf3 Rc7 26.Ne5 Bb5 27.Qf3 Rec8 28.a4 Bxc5 29.bxc5
Bxa4 30.Re1 Bb5 31.f5 b6 32.Nxf7 Qxf7 33.fxe6 Qg6 34.Bxd5 bxc5 35.Bf4 Nxd5
36.Qxd5 Rc6 37.e7+ Kh8 38.Qe5 Rf6 39.Rxc5 Re8 40.d5 h6 41.Rxb5 axb5 42.d6 Qd3
43.Qh5 Rg6 44.Rd1 {#r} 1-0

[Event "Bayern Regionalliga Southwest"]
[Site "masterchessopen.com Germany"]
[Round "2"]
[White "Wolfsteiner Helmut (GER)"]
[Black "Schuster Karsten (GER)"]
[Result "1/2-1/2"]
[WhiteElo "2315"]
[BlackElo "2246"]

1.c4 Nf6 2.Nc3 e6 3.Nf3 d5 4.d4 Bb4 5.e3 O-O 6.Bd3 dxc4 7.Bxc4 c5 8.O-O Nc6
9.a3 Ba5 10.dxc5 Bxc3 11.bxc3 Qa5 12.Qc2 Qxc5 13.Bd3 b6 14.c4 Qh5 15.Bb2 Bb7
16.Rfd1 Rac8 17.Rac1 Na5 18.Qe2 Nb3 19.Rb1 Nc5 20.Rbc1 Nxd3 21.Rxd3 Rc5 22.Rd2
Qg6 23.Ne1 Rh5 24.f3 Qh6 25.h3 Ra5 {#d} 1/2-1/2

[Event "It (open)"]
[Site "masterchessopen.com Terrasa (Spain)"]
[Round "0"]
[White "Gual Pascual Antonio (ESP)"]
[Black "Garcia Ilundain David (ESP)"]
[Result "1/2-1/2"]
[WhiteElo "2420"]
[BlackElo "2495"]

1.d4 Nf6 2.c4 e6 3.Nc3 Bb4 4.e3 O-O 5.Bd3 d5 6.Nf3 c5 7.O-O dxc4 8.Bxc4 Nc6
9.a3 Ba5 10.Ba2 Qe7 11.Qc2 cxd4 12.exd4 Rd8 13.Be3 Bd7 {#d} 1/2-1/2

[Event "Oberliga 1999/00"]
[Site "masterchessopen.com Germany"]
[Round "8"]
[White "Mueller Marcus (GER)"]
[Black "Wenzel Johannes (GER)"]
[Result "1/2-1/2"]
[WhiteElo "2154"]
[BlackElo "2175"]

1.d4 Nf6 2.c4 e6 3.Nc3 Bb4 4.e3 O-O 5.Bd3 c5 6.Nf3 d5 7.O-O Nc6 8.a3 dxc4
9.Bxc4 Ba5 10.Ne5 Nxe5 11.dxe5 Bxc3 12.bxc3 Qxd1 13.Rxd1 Nd7 14.f4 Nb6 15.Be2
Bd7 16.Rd6 Ba4 17.e4 Nc8 18.Be3 Nxd6 19.exd6 b6 20.e5 Bc6 21.g4 Bd7 22.Kf2
Rfc8 23.Rb1 Rab8 24.Ba6 Rf8 25.Be2 Rfc8 26.Ba6 Rf8 27.Be2 f6 28.Kg3 Rf7
29.Bxc5 fxe5 30.fxe5 Rc8 {#d} 1/2-1/2

[Event "Ch Norway"]
[Site "masterchessopen.com Asker (Norway)"]
[Round "8"]
[White "Elsness Frode (NOR)"]
[Black "Gabrielsen Stig (NOR)"]
[Result "1-0"]
[WhiteElo "2383"]
[BlackElo "2305"]

1.d4 Nf6 2.c4 e6 3.Nc3 Bb4 4.e3 c5 5.Bd3 d5 6.Nf3 O-O 7.O-O dxc4 8.Bxc4 Nc6
9.a3 Ba5 10.Qd3 a6 11.dxc5 Qxd3 12.Bxd3 Bxc3 13.bxc3 Nd7 14.a4 Nxc5 15.Bc2 Rd8
16.Ba3 b6 17.Rab1 Nd7 18.Rfd1 Bb7 19.c4 Nce5 20.Nxe5 Nxe5 21.Rxb6 Nxc4 22.Rxb7
Nxa3 23.Rxd8+ Rxd8 24.Bd3 g6 25.Rb3 Nb1 26.f3 Nd2 27.Rc3 Nb1 28.Bxb1 Rd1+
29.Kf2 Rxb1 30.Rc6 Rb2+ 31.Kg3 Rb3 32.e4 Ra3 33.Rxa6 Ra2 34.Ra8+ Kg7 35.a5 Kf6
36.a6 e5 37.Kh3 Ra3 38.Kg4 Ra2 39.Kg3 Kg7 40.a7 Kf6 41.Kh3 h5 42.Kh4 Ra3 43.g3
Ra2 44.h3 Ra3 45.f4 exf4 46.gxf4 Kg7 47.e5 Ra1 48.f5 gxf5 49.Kxh5 f4 50.Kg4
Ra4 51.h4 Ra6 52.Kxf4 f6 53.e6 {#r} 1-0

[Event "It (cat.3)"]
[Site "masterchessopen.com San Francisco (USA)"]
[Date "2004.07.27"]
[Round "7"]
[White "Zilberstein Dmitry (USA)"]
[Black "Stein Alan (USA)"]
[Result "0-1"]
[WhiteElo "2379"]
[BlackElo "2362"]

1.d4 Nf6 2.c4 e6 3.Nc3 Bb4 4.e3 O-O 5.Bd3 d5 6.Nf3 c5 7.O-O dxc4 8.Bxc4 Nc6
9.a3 Ba5 10.Qd3 a6 11.a4 Qe7 12.Ne4 Rd8 13.Nxc5 e5 14.Ng5 exd4 15.Nxf7 Rd5
16.Ne4 Be6 17.Nxf6+ Qxf6 18.e4 Rd7 19.Bxe6 Qxe6 20.Ng5 Qg6 21.f4 h6 22.Nf3 Re8
23.Qb3+ Kh7 24.e5 d3 25.Be3 Qe4 26.Kf2 d2 27.Ke2 Nb4 28.Nxd2 Rxd2+ 29.Kxd2
Nc2+ 30.Ke2 Nd4+ {#R} 0-1

[Event "Ch France (team) 2005"]
[Site "masterchessopen.com France"]
[Date "2005.05.04"]
[Round "8"]
[White "Nguyen Chi-Minh (FRA)"]
[Black "Renet Olivier (FRA)"]
[Result "0-1"]
[WhiteElo "2371"]
[BlackElo "2497"]

1.d4 Nf6 2.c4 e6 3.Nc3 Bb4 4.e3 O-O 5.Nf3 d5 6.Bd3 c5 7.O-O dxc4 8.Bxc4 Nc6
9.a3 Ba5 10.Bd3 cxd4 11.exd4 Bb6 12.Be3 Nd5 13.Be4 Nxe3 14.fxe3 Bd7 15.Na4 f5
16.Bc2 Rc8 17.b4 Ne7 18.Bb3 Ng6 19.Nc5 Bxc5 20.dxc5 Qe8 21.Ng5 Kh8 22.Qh5 h6
23.Rfd1 Rf6 24.Rd6 Qe7 25.Rad1 Ne5 26.Nf3 Be8 27.Qh3 Nf7 28.R6d2 b6 29.cxb6
axb6 30.Qg3 Rc3 31.Rd3 Rxb3 32.Rxb3 Ba4 33.Qb8+ Kh7 34.Rbd3 Bxd1 35.Rxd1 e5
36.Qc8 Nd6 37.Qb8 e4 38.Nd4 Nc4 39.Nc2 Rf8 40.Qg3 Ne5 41.Rd5 Nd3 42.Nd4 f4
43.exf4 Nxf4 44.Rf5 Ne2+ {#R} 0-1

[Event "It (open)"]
[Site "masterchessopen.com Prague (Czech Republic)"]
[Date "2005.07.03"]
[Round "2"]
[White "Netusil Miroslav (CZE)"]
[Black "Oulovsky Pavel (CZE)"]
[Result "1-0"]
[WhiteElo "2333"]
[BlackElo "2165"]

1.d4 Nf6 2.c4 e6 3.Nc3 Bb4 4.e3 c5 5.Bd3 O-O 6.Nf3 d5 7.O-O dxc4 8.Bxc4 Nc6
9.a3 Ba5 10.Ne2 cxd4 11.Nexd4 Nxd4 12.exd4 Qd6 13.Qd3 Bd7 14.Bg5 Bd8 15.Bd2
Nd5 16.Rfe1 Bc6 17.Ne5 Rc8 18.Qg3 Ne7 19.Bb4 Qc7 20.Bd3 Re8 21.Rac1 Qb8 22.Qf4
Rf8 23.Qg4 a5 24.Bc5 Be8 25.Rc3 b6 26.Bxh7+ {#r} 1-0

[Event "Memorial V.Somov \"]
[Site "masterchessopen.com Kirishi (Russia)"]
[Date "2010.05.09"]
[Round "1"]
[White "Kashlinskaya Alina (RUS)"]
[Black "Ter Sahakyan Samvel (ARM)"]
[Result "0-1"]
[WhiteElo "2358"]
[BlackElo "2516"]

1.d4 Nf6 2.c4 e6 3.Nc3 Bb4 4.e3 O-O 5.Bd3 d5 6.Nf3 c5 7.O-O dxc4 8.Bxc4 Nc6
9.a3 Ba5 10.dxc5 Bxc3 11.bxc3 Qa5 12.a4 Qxc3 13.Qb3 Qxb3 14.Bxb3 Bd7 15.Bb2
Na5 16.Bc2 Rfc8 17.Rac1 Bc6 18.Bc3 Bxf3 19.gxf3 Rxc5 20.Bxf6 Rac8 21.Bd4 Rxc2
22.Rxc2 Rxc2 23.Bxa7 Ra2 24.Rd1 Nc6 25.Bc5 Rxa4 26.Rb1 Ra5 27.Bb6 Rd5 28.Bc7
Rd7 29.Bb6 e5 30.Kf1 f6 31.Ke2 Kf7 32.e4 g5 33.Ke3 Ne7 34.Ke2 Ng6 35.Be3 Nf8
36.Rb3 Ne6 37.Rb6 Nd8 38.Rb1 Nc6 39.Bb6 Kg6 40.Be3 Kh5 41.Kf1 Kh4 42.Kg2 Kh5
43.Kf1 h6 44.Rb2 Kg6 45.Rb1 f5 46.exf5+ Kxf5 47.Kg2 Ne7 48.h4 Nd5 49.hxg5 hxg5
50.Kg3 Rh7 51.Rb5 Rd7 52.Rb1 Rg7 53.Rb3 Nf4 54.Rb5 Ne6 55.Kg2 Rc7 56.Kg3 Rd7
57.Kg2 Ng7 58.Bc1 Nh5 59.Bb2 Nf4+ 60.Kg3 Re7 61.Kh2 Nd3 62.Kg3 Rh7 63.Bc3 Rc7
64.Bd2 Rc2 65.Be3 Rb2 66.Rd5 Nf4 67.Rc5 Rb1 68.Rc7 b5 69.Rf7+ Ke6 70.Rb7 b4
71.Rb5 b3 72.Bxf4 gxf4+ 73.Kg2 Kd6 74.Kh3 Kc6 75.Rb8 Kc5 76.Kg4 Kc4 77.Kf5 Re1
{#R} 0-1

[Event "Ch Hungary (team) 2011/12"]
[Site "masterchessopen.com Hungary"]
[Date "2012.01.29"]
[Round "5"]
[White "Zsinka Laszlo (HUN)"]
[Black "Nagy Ervin (HUN)"]
[Result "1/2-1/2"]
[WhiteElo "2286"]
[BlackElo "2269"]

1.d4 Nf6 2.c4 e6 3.Nc3 Bb4 4.e3 O-O 5.Bd3 d5 6.Nf3 dxc4 7.Bxc4 c5 8.O-O Nc6
9.a3 Ba5 10.Qd3 a6 11.Rd1 b5 12.Ba2 Bb7 13.dxc5 Bxc3 14.Qc2 Qe7 15.Qxc3 Ne4
16.Qc2 Nxc5 17.Bd2 Rfc8 18.Rac1 Ne5 19.Nxe5 Qg5 20.Nc6 Rxc6 21.f4 Qg4 22.Bc3
Rcc8 23.Bb4 h5 24.h3 Qg3 25.Qe2 Ne4 26.Be1 Qg6 27.Bb1 f5 28.Ba2 Qf7 29.Bb1 Bd5
30.Bxe4 Bxe4 31.Rxc8+ Rxc8 32.Bc3 Kh7 33.Rd4 Bd5 34.Kh2 Rg8 35.Rd2 Rc8 36.Qd1
Rc4 37.Qe1 Qg6 38.Qg3 Qxg3+ 39.Kxg3 Kh6 40.Kf2 {#d} 1/2-1/2

[Event "It (open)"]
[Site "masterchessopen.com Karvina (Czech Republic)"]
[Date "2012.07.01"]
[Round "2"]
[White "Straka Josef Jr (SVK)"]
[Black "Neumann Joachim (GER)"]
[Result "1/2-1/2"]
[WhiteElo "2370"]
[BlackElo "2118"]

1.d4 Nf6 2.c4 e6 3.Nc3 Bb4 4.e3 O-O 5.Bd3 d5 6.Nf3 c5 7.O-O dxc4 8.Bxc4 Nc6
9.a3 Ba5 10.Qe2 cxd4 11.exd4 Nxd4 12.Nxd4 Qxd4 13.Rd1 Qh4 14.g3 Qh3 15.Rd4 Qh5
{#d} 1/2-1/2